Quizzes
Events
Quiz Creation
Community
Videos
Private Events
Remove Ads
Sign In
Join for FREE
Feedback
Dark Mode
Quiz Categories
Sports
Geography
Music
Movies
Television
Just For Fun
Miscellaneous
History
Literature
Language
Science
Gaming
Entertainment
Religion
Holiday
For Kids
Quiz Lab
Recent
Popular Today
Quiz Kudos Today
Editor Picks
Curator Picks
Quizzes by...
Day
Popularity
Type
Ratings
Length
Year
Community
Subscriptions
Recent Discussions
Orange Saloon
Badges
Playlists
Quests
Create
Leaderboards
Showdown
Live 5
Trivia Bingo
Activity
Puzzle Library
Sporcle Events
Private Events
Virtual Trivia
Globe League
Become a Host
Pub Owners
SporcleCon
Opinionation
Our Games
Videos
Blog
Mobile Apps
Partnerships
Remove Ads and Go Orange
Feedback
Geography
Country
Landmarks
City
State
Population
World
Capital
Continent
Flags
Europe
Africa
Asia
South America
North America
Oceania
Border
Canada
United Kingdom
Topography
United States
Geography
Country
Landmarks
City
State
Population
World
Capital
Continent
Flags
Europe
Africa
Asia
South America
North America
Oceania
Border
Canada
United Kingdom
Topography
United States
Random Quiz
Search Sporcle
×
Quiz Lab
Quiz Lab
Geography
Population
Type in answers that appear in a list
Type in answers that appear in a list
Classic
Best Score? Go Orange.
Largest cities in Washington Stats
Can you name the Largest cities in Washington?
By
tunnel
10m
85 Questions
140 Plays
140 Plays
140 Plays
Comments
Comments
Give Quiz Kudos
Give Quiz Kudos
-
- Ratings
hide this ad
More Info
Replay
Link that replays current quiz
Next Quiz
Link to next quiz in quiz playlist
You Got
0%
They Got
Avg Score
38%
Avg Friend Score
Upgrade to see
Score Distribution
Jump to the score distribution portion of the page
Score
0/85
Timer
10:00
0
Plays Today
Population
City
% Correct
608,660
Seattle
97.9%
208,916
Spokane
96.4%
198,397
Tacoma
96.4%
161,791
Vancouver
92.9%
46,478
Olympia
91.4%
103,019
Everett
86.4%
80,885
Bellingham
86.4%
122,363
Bellevue
85%
91,067
Yakima
85%
92,411
Kent
75.7%
31,731
Walla Walla
74.3%
90,927
Renton
68.6%
59,781
Pasco
68.6%
48,787
Kirkland
66.4%
89,755
Spokane Valley
65.7%
73,917
Kennewick
65.7%
54,144
Redmond
64.3%
37,729
Bremerton
64.3%
89,306
Federal Way
62.9%
70,180
Auburn
62.1%
48,058
Richland
62.1%
37,022
Puyallup
57.1%
19,038
Port Angeles
54.3%
53,007
Shoreline
53.6%
39,709
Edmonds
52.9%
60,020
Marysville
52.1%
29,799
Pullman
52.1%
31,925
Wenatchee
51.4%
30,434
Issaquah
51.4%
Population
City
% Correct
18,174
Ellensburg
51.4%
29,673
Des Moines
50.7%
26,909
Sea-Tac
50.7%
31,743
Mount Vernon
50%
16,896
Aberdeen
50%
33,505
Bothell
48.6%
36,648
Longview
47.9%
16,336
Centralia
46.4%
45,780
Sammamish
43.6%
58,163
Lakewood
42.9%
42,393
Lacey
42.1%
22,699
Mercer Island
42.1%
33,313
Burien
39.3%
20,366
Moses Lake
39.3%
19,107
Tukwila
39.3%
35,836
Lynnwood
38.6%
23,025
Bainbridge Island
32.9%
22,075
Oak Harbor
30.7%
17,926
Arlington
30.7%
15,778
Anacortes
30.7%
31,144
University Place
30%
17,304
Monroe
29.3%
20,254
Mukilteo
27.1%
20,460
Kenmore
26.4%
17,371
Tumwater
26.4%
22,684
Maple Valley
25.7%
17,571
Battle Ground
25%
19,355
Camas
24.3%
19,909
Mountlake Terrace
22.1%
Population
City
% Correct
28,069
Lake Stevens
20%
17,575
Covington
19.3%
18,244
Mill Creek
15.7%
19,204
Silverdale
14.3%
15,858
Sunnyside
13.6%
27,227
Spanaway
12.1%
17,374
Bonney Lake
12.1%
52,431
South Hill
10.7%
35,803
Parkland
10%
23,491
Graham
10%
22,494
Cottage Lake
7.1%
15,645
Bryn Mawr-Skyway
5.7%
18,159
Five Corners
5%
19,686
Salmon Creek
4.3%
19,556
Orchards
2.9%
19,435
Hazel Dell
2.9%
16,574
North Lynnwood
2.9%
15,473
Martha Lake
2.9%
29,878
East Hill-Meridian
2.1%
22,707
Inglewood-Finn Hill
2.1%
19,102
Fairwood
2.1%
18,805
Union Hill-Novelty Hill
2.1%
16,607
Bothell West
2.1%
20,101
Eastmont
1.4%
18,719
Frederickson
1.4%
20,891
Silver Firs
0.7%
15,709
Mill Creek East
0.7%
Quiz Playlist
Details
Report
Send in Message
Add To Playlist
More Info:
Note: these aren't necessarily incorporated cities. They are various cities, towns & communities.
Classic:
Type in answers that appear in a list
Last Updated: Feb 16, 2017
Quiz Scoreboard
CHALLENGE
Sign Up to Join the Scoreboard
Show All
Scores
Hide
Comments
May contain spoilers
Recently Published
Movies - When Are They Set?
by FPL_Elf
Movies
5m
Popular People in 1961
by mucciniale
History
6m
1-10 Letter E Words III
by El_Dandy
Language
2m
More to Explore
Quiz From the Vault
Featured Blog Post
Where Did the Easter Bunny Come From?
hide this ad
You Might Also Like...
Tags
Population Quiz
Seattle
seattle-tacoma
Washington
Washington (State)
Today's Top Quizzes in Geography
Browse Geography
hide this ad
Today's Top Quizzes in Population
Browse Population
Top Contributed Quizzes in Geography
1
Countries of the World - No Outlines Minefield
2
Top 25 Cities of France on a map
3
Closest Countries to UK A-Z
4
One Thing in Common: United Kingdom
5
Blind Secret Country CLXXXVIII
6
Blind Ultimate Minefield: USA
7
African Flag Reveal XLV
8
Find the US States - No Outlines
9
One Thing in Common: Asia
10
Find the Provinces of Canada - No Outlines Minefield
Explore More
Trending Topics
Disney
Crossword
Kpop
NBA
Harry Potter
Marvel
Anime
Song
WWE
Puzzle
Country
NFL
Pokémon
Soccer
The Office
hide this ad
More By:
tunnel
Quiz
Plays
Rating
Category
Featured
Created
Formula 1 Driving Leaders (1970s)
46,869
4.55
Sports
Mar 23, 2010
Largest 300 cities in California
21,056
4.82
Geography
Oct 10, 2011
Pittsburgh Pirates lineups 1970-1989
5,740
3.73
Sports
Aug 31, 2010
Largest 200 cities in California - 2010 census
5,045
4.58
Geography
Oct 5, 2011
Formula 1 drivers - 1990s
3,656
4.50
Sports
Mar 22, 2010
Go to Creator's Profile
Score Distribution
Quiz Creator Spotlight
tunnel
Follow
Send a Message
Quizzes Created
-
Created Quiz Play Count
-
More By This Creator
Popular Quizzes Today
1
Find the Countries of Europe - No Outlines Minefield
2
Find the US States - No Outlines Minefield
3
The Countries of the World
4
Popular People in 1961
5
1-10 Letter E Words III
6
US States
7
Find the US States
8
One Thing in Common: World Cities II
More Geography Quizzes
Five Most Populous Asian 'J' Cities
Quiz Lab
Trending Quizzes
Risky Map Clicking: Least Populous States A-Z
Humor Books: The Subtitles
1-10 Letter F Words
1-10 Letter G Words
One Thing in Common: United Kingdom
Recently Updated
Leaping Animals
pecheneg
Reality TV Shows (A-Z)
bhenderson79
Rickey Henderson's Hall of Fame Teammates
pecheneg
Champions League XIs: Arsenal
pecheneg
Quick Pick: Celebrities in WWE's Hall of Fame
aduchscher
A-Z Keypad Blitz II
pecheneg
Multiple Oscar Actors
pecheneg
Mystery Phrase Blitz: Oscar 'Best Actors'
pecheneg
F. Scott Fitzgerald Novels
LTH
Pick 3 Villains
ddd62291
Trending Topics
Marvel
Kpop
NBA
Harry Potter
Crossword
Anime
Disney
NFL
Pokémon
Country
The Office
Soccer
WWE
Puzzle
Song
Your Account Isn't Verified!
In order to create a playlist on Sporcle, you need to verify the email address you used during registration. Go to your
Sporcle Settings
to finish the process.
Report this User
Report this user for behavior that violates our
Community Guidelines
.
Details:
Send Report
Go to the Sporcle.com Mobile Site →
Comments